000 00721nam a2200289Ia 4500
005 20260324150019.0
008 008 260324s9999 xx 000 0 eng d
020 _a9781315496733
037 _aEBOOK
040 _aCRL
040 _beng
040 _cCRL
041 _2eng
041 _aeng
084 _qCRL
100 _aBroadus Mitchell
_91224964
245 4 _aThe Depression Decade: From New Era Through New Deal, 1929-41
245 0 _bFrom New Era Through New Deal, 1929-41
260 _bTaylor and Francis
260 _c1975
365 _a
365 _b235
856 _uhttp://www.taylorfrancis.com/books/9781315496733
942 _cEBOOK
999 _c1833708
_d1833708